Business strategy-I : bank economists conference 2003, V.3 (Record no. 188498)

MARC details
000 -LEADER
fixed length control field 00511nam a2200169Ia 4500
008 - FIXED-LENGTH DATA ELEMENTS--GENERAL INFORMATION
fixed length control field 231217s9999 xx 000 0 und d
020 ## - INTERNATIONAL STANDARD BOOK NUMBER
International Standard Book Number 8178813378
041 ## - LANGUAGE CODE
Language code of text/sound track or separate title English
082 ## - DEWEY DECIMAL CLASSIFICATION NUMBER
Classification number 658.4012 NAG.3;2 R1
100 ## - MAIN ENTRY--PERSONAL NAME
Personal name Nagarajan, N ed.
245 #0 - TITLE STATEMENT
Title Business strategy-I : bank economists conference 2003, V.3
260 ## - PUBLICATION, DISTRIBUTION, ETC.
Date of publication, distribution, etc. 2004
Name of publisher, distributor, etc. ICFAI Press
Place of publication, distribution, etc. Hyderabad
300 ## - PHYSICAL DESCRIPTION
Extent xi, 182+A14
500 ## - GENERAL NOTE
General note Content page available
650 ## - SUBJECT ADDED ENTRY--TOPICAL TERM
Topical term or geographic name entry element Business,strategy-I,bank,economists,conference,2003,,V.3
942 ## - ADDED ENTRY ELEMENTS (KOHA)
Koha item type Books
Holdings
Date last seen Total checkouts Full call number Accession number Uniform resource identifier Cost, total (INR) price Price effective from Category Public note Lost status Damaged status Department Withdrawn status Home library Current library Shelving location Entry date Vendor Cost, normal purchase price Grants Billnumber Billdate Currency symbol Conversion rate Discount Old discount
26/01/2024   658.4012 NAG.3;2 R1 64976 digital/contents/51106.pdf 38.00 26/01/2024 Books 64976     F-Block Annex   Central Library Central Library F-Block Library Annex 08/09/2010 ICFAI Press 38.00 MBA 1993 25/02/2014 RS 1    
26/01/2024   658.4012 NAG.3;3 64977 digital/contents/51106.pdf 38.00 26/01/2024 Books 64977     Central Library   Central Library Central Library Central Library 08/09/2010 ICFAI Press 38.00 MBA 1993 25/02/2014 RS 1    
26/01/2024   658.4012 NAG.3;4 65556 digital/contents/51106.pdf 38.00 26/01/2024 Books 65556     Central Library   Central Library Central Library Central Library 16/09/2010 ICFAI Press 38.00 MBA 1993 25/02/2014 RS 1    
26/01/2024   658.4012 NAG.3;5 65557 digital/contents/51106.pdf 38.00 26/01/2024 Books 65557     Central Library   Central Library Central Library Central Library 16/09/2010 ICFAI Press 38.00 MBA 1993 25/02/2014 RS 1    

© For any Suggestions or Query, please contact the library staff @ librarian@pes.edu or Phone: +9180 2672 1983/ 2108.